Es contrario a la República el desdén hacia la cuenta de inversión (Registro nro. 11128)
[ vista simple ]
| 000 -LEADER | |
|---|---|
| fixed length control field | 00334 a2200109 4500 |
| 001 - CONTROL NUMBER | |
| control field | ART_5590 |
| 005 - DATE AND TIME OF LATEST TRANSACTION | |
| control field | 20260410161616.0 |
| 008 - FIXED-LENGTH DATA ELEMENTS--GENERAL INFORMATION | |
| fixed length control field | 260409a |
| 100 1# - MAIN ENTRY--PERSONAL NAME | |
| Personal name | Atchabahian, Adolfo |
| 245 10 - TITLE STATEMENT | |
| Title | Es contrario a la República el desdén hacia la cuenta de inversión |
| 773 0# - HOST ITEM ENTRY | |
| Title | Enfoques |
| Related parts | - Nº 2 (feb. 2006) |
| Record control number | REV416 |
No hay ítems disponibles.